000 01218nam a22003257a 4500
005 20110524102043.0
008 110524t xxu||||| |||| 00| 0 eng d
010 _aENG-102498
020 _a9788184502800
_c1480.00
035 _aEN-86031
037 _bDBAD / PUB
040 _adpl
_bEnglish
082 _a338.9270954
100 h _927410
110 _927425
245 _aEnvironment sustainable development in India /
_cedited by Raj Kumar Sen , Amit Mukherjee [and] Pran Krishna Pal
260 _aNew Delhi
_bDeep & Deep Publications
_c2010
270 _aF-159, Rajouri Garden
_bNew Delhi
_e110027
_k25435369,25440916
300 _axvi, 393 p. :
_c22cm (Hb)
_bill.
500 _aIncludes index
650 _927411
650 _927412
650 _927426
700 _927415
_aSen, Raj Kumar
700 _aMukherjee, Amit
_928224
700 _aPal, Pran Krishna
_928225
942 _adpl
_cEN
_2ddc
_mENV
_h338.9270954
999 _c52537
_d52537